MARC details
| 000 -LEADER |
| fixed length control field |
02004cam a2200529 a 4500 |
| 001 - CONTROL NUMBER |
| control field |
data |
| 005 - DATE AND TIME OF LATEST TRANSACTION |
| control field |
20260322212104.0 |
| 008 - FIXED-LENGTH DATA ELEMENTS--GENERAL INFORMATION |
| fixed length control field |
data |
| 035 ## - SYSTEM CONTROL NUMBER |
| System control number |
4833338 |
| 010 ## - LIBRARY OF CONGRESS CONTROL NUMBER |
| LC control number |
90010972 |
| 020 ## - INTERNATIONAL STANDARD BOOK NUMBER |
| International Standard Book Number |
0865773076 |
| Qualifying information |
v. 1 |
| 020 ## - INTERNATIONAL STANDARD BOOK NUMBER |
| International Standard Book Number |
0865773084 |
| Qualifying information |
v. 2 |
| 020 ## - INTERNATIONAL STANDARD BOOK NUMBER |
| International Standard Book Number |
3137324017 |
| Qualifying information |
Stuttgart : v. 1 |
| 020 ## - INTERNATIONAL STANDARD BOOK NUMBER |
| International Standard Book Number |
3137388015 |
| Qualifying information |
Stuttgart : v. 2 |
| 020 ## - INTERNATIONAL STANDARD BOOK NUMBER |
| International Standard Book Number |
9780865773073 |
| Qualifying information |
(v. 1) |
| 020 ## - INTERNATIONAL STANDARD BOOK NUMBER |
| International Standard Book Number |
9780865773080 |
| Qualifying information |
(v. 2) |
| 020 ## - INTERNATIONAL STANDARD BOOK NUMBER |
| International Standard Book Number |
9783137324010 |
| Qualifying information |
(Stuttgart : v. 1) |
| 020 ## - INTERNATIONAL STANDARD BOOK NUMBER |
| International Standard Book Number |
9783137388012 |
| Qualifying information |
(Stuttgart : v. 2) |
| 035 ## - SYSTEM CONTROL NUMBER |
| -- |
(DLC) 90010972 |
| 040 ## - CATALOGING SOURCE |
| Original cataloging agency |
DNLM/DLC |
| Transcribing agency |
DLC |
| Modifying agency |
DLC |
| 041 1# - LANGUAGE CODE |
| Language code of text/sound track or separate title |
eng |
| Language code of original |
ger |
| 050 00 - LIBRARY OF CONGRESS CALL NUMBER |
| Classification number |
QM23.2 |
| Item number |
.F7513 1990 |
| 060 ## - NATIONAL LIBRARY OF MEDICINE CALL NUMBER |
| Classification number |
QS 4 F897a |
| 082 00 - DEWEY DECIMAL CLASSIFICATION NUMBER |
| Classification number |
611 |
| Edition information |
20 |
| 100 1# - MAIN ENTRY--PERSONAL NAME |
| Personal name |
Frick, Hans, |
| Titles and words associated with a name |
Prof. Dr. med. |
| 240 10 - UNIFORM TITLE |
| Uniform title |
Allgemeine Anatomie, spezielle Anatomie. |
| Language of a work |
English |
| 245 10 - TITLE STATEMENT |
| Title |
Human anatomy / |
| Statement of responsibility, etc. |
H. Frick, H. Leonhardt, D. Starck ; translated by David B. Meyer. |
| 260 ## - PUBLICATION, DISTRIBUTION, ETC. |
| Place of publication, distribution, etc. |
New York : |
| -- |
New York : |
| Name of publisher, distributor, etc. |
Thieme Medical Publishers, |
| Place of publication, distribution, etc. |
New York : |
| Name of publisher, distributor, etc. |
Thieme Medical Publishers, |
| Date of publication, distribution, etc. |
1991. |
| 300 ## - PHYSICAL DESCRIPTION |
| Extent |
2 v. : |
| Other physical details |
ill. (some col.) ; |
| Dimensions |
19 cm. |
| 336 ## - CONTENT TYPE |
| Content type term |
text |
| Content type code |
txt |
| Source |
rdacontent |
| 337 ## - MEDIA TYPE |
| Media type term |
unmediated |
| Media type code |
n |
| Source |
rdamedia |
| 338 ## - CARRIER TYPE |
| Carrier type term |
volume |
| Carrier type code |
nc |
| Source |
rdacarrier |
| 490 0# - SERIES STATEMENT |
| Series statement |
Thieme flexibook |
| 500 ## - GENERAL NOTE |
| General note |
Translation of: Allgemeine Anatomie, spezielle Anatomie. 3., überarbeitete Aufl. 1987. |
| 500 ## - GENERAL NOTE |
| General note |
Errata slip inserted in v. 2. |
| 500 ## - GENERAL NOTE |
| General note |
Includes indexes. |
| 505 0# - FORMATTED CONTENTS NOTE |
| Formatted contents note |
1. General anatomy, special anatomy--limbs, trunk wall, head, and neck -- 2. Special anatomy--viscera and nervous system, classification of muscles and vessels, organization of lymphatics and nerves. |
| 650 #0 - SUBJECT ADDED ENTRY--TOPICAL TERM |
| Topical term or geographic name entry element |
Human anatomy. |
| 650 #2 - SUBJECT ADDED ENTRY--TOPICAL TERM |
| Topical term or geographic name entry element |
Anatomy. |
| 650 #2 - SUBJECT ADDED ENTRY--TOPICAL TERM |
| Topical term or geographic name entry element |
Anatomy, Regional. |
| 700 1# - ADDED ENTRY--PERSONAL NAME |
| Personal name |
Leonhardt, Helmut. |
| 700 1# - ADDED ENTRY--PERSONAL NAME |
| Personal name |
Starck, Dietrich, |
| Dates associated with a name |
1908- |
| 906 ## - LOCAL DATA ELEMENT F, LDF (RLIN) |
| a |
7 |
| b |
cbc |
| c |
orignew |
| d |
1 |
| e |
ocip |
| f |
19 |
| g |
y-gencatlg |
| 991 ## - |
| -- |
c-GenColl |
| -- |
QM23.2 |
| -- |
.F7513 1990 |
| -- |
Copy 1 |
| -- |
BOOKS |